00482nam a2200133 i 450000100060000000300090000600500170001500700030003200800410003510000190007624501710009526000590026685200230032531398ES-MaACL20230906154354.0t|030129s1922 fr ||||1| fre d1 aBauer, Edmond.13aLa théorie de Bohr, la constitution de la matière et la classification périodique des éléments b: conférence faite le 19 février 1921 / cEdmond Bauer. aParís : bLibrairie Scientifique J. Hermann, c1922. aES-MaACLj1631-F-1